Capitals of All French Territories - Statistics

General Stats
  • This quiz has been taken 95 times
  • The average score is 7 of 12
Answer Stats
Hint Answer % Correct
France Paris
99%
French Guiana Cayenne
86%
French Polynesia Papeete
74%
Réunion Saint Denis
72%
Martinique Fort-de-France
67%
New Caledonia Nouméa
67%
Saint Pierre and Miquelon Saint Pierre
62%
Guadeloupe Basse-Terre
61%
Mayotte Mamoudzou
49%
Wallis and Futuna Mata Utu
36%
Saint Barthélemy Gustavia
34%
Saint Martin Marigot
32%
No matching quizzes found
Score Distribution
Percent of People with Each Score
Percentile by Number Answered
Your Score History
You have not taken this quiz